000
00285nam a2200109Ia 4500
008
190919s9999||||xx |||||||||||||| ||und||
100
_a
C.H.Kwan
245
0
_a
Economic Interdependence in the Asia Pacific Region
260
_a
New York
_b
Routlege
_c
1996
300
_a
288
942
_c
BK
999
_c
11190
_d
11190